000 00372nam a2200157Ia 4500
008 230917s9999||||xx |||||||||||||| ||und||
040 _e85301
_aMAIN
041 _aEnglish
082 _a342 V1A
100 _aUpadhayay, J J R
245 0 _aAdministrative law
250 _a3rd ed.
260 _aAllahabad
_bCentral Law
_c1999
300 _axxxiv, 460 p.
942 _cBK
999 _c105474
_d105474